| 000 | 00824nam a2200265 i 4500 | ||
|---|---|---|---|
| 001 | 66519 | ||
| 003 | ES-MaACL | ||
| 005 | 20230906165703.0 | ||
| 007 | t| | ||
| 008 | 031107s2003 sp |||| |dspa d | ||
| 020 | _a84-89795-69-X | ||
| 080 | _a929 Hierro, José | ||
| 080 | _a821.134.2"19"(082.2) | ||
| 080 | _a821.134.1"19"(082.2) | ||
| 245 | 0 | 0 |
_aTrazado con Hierro / _cedición literaria y coordinación, Antonio Marín Albalate. |
| 250 | _a1ª ed. | ||
| 260 |
_aMadrid : _bVitruvio, _c2003. |
||
| 300 |
_a153 p. : _bil. ; _c24 cm. |
||
| 600 | 1 | 4 |
_aHierro, José, _d1922-2002- _vHomenajes _963621 |
| 650 | 4 |
_aLiteratura española- _yS.XX. _9148763 |
|
| 650 | 1 | 4 |
_aLiteratura catalana- _yS.XX. _914518 |
| 700 | 1 |
_aMarín Albalate, Antonio. _976765 |
|
| 852 |
_aES-MaACL _jL-27008 |
||
| 999 |
_c66519 _d66519 |
||